Matthew / (Record no. 8240)

MARC details
000 -LEADER
fixed length control field 00920cam a2200265 a 4500
001 - CONTROL NUMBER
control field 3053902
003 - CONTROL NUMBER IDENTIFIER
control field GBCCL
005 - DATE AND TIME OF LATEST TRANSACTION
control field 20241126110646.0
008 - FIXED-LENGTH DATA ELEMENTS--GENERAL INFORMATION
fixed length control field 961002s1997 ilu b 000 0 eng
010 ## -
-- 96036847
020 ## - INTERNATIONAL STANDARD BOOK NUMBER
International Standard Book Number 0830818014 (alk. paper)
040 ## - CATALOGING SOURCE
Original cataloging agency DLC
Transcribing agency DLC
Modifying agency DLC
050 00 -
-- BS2575.3
-- .K44 1997
082 00 - DEWEY DECIMAL CLASSIFICATION NUMBER
Classification number 226.207
Edition information 21
Item number KEE
100 1# - MAIN ENTRY--PERSONAL NAME
Personal name Keener, Craig S.,
Dates associated with a name 1960-
9 (RLIN) 4494
245 10 - TITLE STATEMENT
Title Matthew /
Statement of responsibility, etc. Craig S. Keener.
260 ## - PUBLICATION, DISTRIBUTION, ETC.
Place of publication, distribution, etc. Downers Grove, Ill. :
Name of publisher, distributor, etc. InterVarsity Press,
Date of publication, distribution, etc. c1997.
300 ## - PHYSICAL DESCRIPTION
Extent 444 p. ;
Dimensions 22 cm.
440 #4 - SERIES STATEMENT/ADDED ENTRY--TITLE
Title The IVP New Testament commentary series ;
Volume/sequential designation 1
9 (RLIN) 14341
504 ## - BIBLIOGRAPHY, ETC. NOTE
Bibliography, etc. note Includes bibliographical references (p. [403]-444)..
630 00 - SUBJECT ADDED ENTRY--UNIFORM TITLE
Uniform title Bible.
Name of part/section of a work Matthew
General subdivision Commentaries.
9 (RLIN) 830
906 ## - LOCAL DATA ELEMENT F, LDF (RLIN)
a 7
b cbc
c orignew
d 1
e ocip
f 19
g y-gencatlg
942 ## - ADDED ENTRY ELEMENTS (KOHA)
Source of classification or shelving scheme Dewey Decimal Classification
Koha item type Books
Koha issues (borrowed), all copies 10
Holdings
Withdrawn status Lost status Source of classification or shelving scheme Damaged status Not for loan Home library Current Library Shelving location Date acquired Total checkouts Total renewals Full call number Barcode Date last seen Date last checked out Copy number Price effective from Koha item type
    Dewey Decimal Classification     GRACE BIBLE COLLEGE GRACE BIBLE COLLEGE Biblical Studies 2019-07-30 12 4 226.207 KEE 020071 2025-05-01 2025-01-16 c.1 2019-07-30 Books
© Grace Bible College Library 2025